000 00563nam a22001817a 4500
999 _c187346
_d187346
005 20220412164335.0
010 _aENG-132297
020 _a9788189766412
_c695.00
035 _aEN-115829
037 _bDBAD/PUB
082 _a342.54
100 _aKashyap, Subhash C
245 _aIndian Constitution Conflicts and Controversies/
_cSubhash C Kashyap
260 _aNew Delhi
_bVitasta Publishing Pvt Ltd
_c2010
270 _bNew Delhi
_a2/15, Ansari Road, Daryaganj
_e110002
300 _aix, 415p.
_c23cm(hbk)
942 _2ddc
_cEN
_mKAS
_h342.54